Statistics for Up 2 Me Tracklist (Yeat)

Click here to take the quiz!

General Stats

  • This quiz has been taken 120 times
  • The average score is 15 of 22

Answer Stats

HintAnswer% Correct
2Morning mudd
84%
15Turban
82%
18Money so big
81%
1Cmon
78%
22Lying 4 fun
77%
8Trendy way
(feat. SeptembersRich)
74%
16Twizzy Rich
74%
7Rokstar
73%
3Got rich
70%
20Kant change
69%
9Swerved it
69%
6Get busy
68%
11U could tell
68%
10Ya Ya
68%
19Deserve it
65%
4Let ya know
65%
13Back on em
64%
12Factz
64%
21Callin me
62%
14Hey
62%
5Stayed tha same
59%
17Told ya
58%

Score Distribution

Percentile by Number Answered

Percent of People with Each Score

Your Score History

You have not taken this quiz